000 00288 a2200121 4500
001 39556
082 _a321.0205491 MEH
090 _c24674
_d24674
100 _aMehrunnisa
245 _aPolitics of federalism in Pakistan
260 _aKarachi
_bRoyal book
_c1996
300 _a169p
942 _aNUST-CAE
_k321.0205491 MEH
999 _c274629
_d274629